000 01094nam0a2200277 4500
001 RU\NLR\BIBL_A\011888324
005 20250626144052.0
035 _a(NLR Aleph) 011888324
090 _a10817466
_c10817466
100 _a20181211d1997 |||y0rusy50 ca
101 0 _ache
102 _aRU
105 _aa j 000 y
200 9 _aНохчийн мотт. Дешаран книжка
_e3
_fСолтаханов Э. Х., Махмудова Я. А.
210 _aДжохар-гIала
_cЖайна
_d1997
215 _a385 с.
_cцв. ил.
_d22
300 _aНа обл. авт. не указаны
541 1 _aЧеченский язык. Книга для чтения
_eдля 3 кл.
_zrus
606 1 _aЧеченский язык
_jКниги для чтения
_91149433
_3RU\NLR\AUTH\66458569
686 1 _aШ160.311-94
700 1 _aСолтаханов
_bЭ. Х.
_gЭльбек Хусейнович
_4070
701 1 _aМахмудова
_bЯ. А.
_gЯхита Алиевна
_4070
852 _aNLR
_bОНЛ
_jЧеч./3-755
942 _cBOOK
980 _aNB